Mendigando un amigo y otros cuentos premiados / (Registro nro. 9729)

Detalles MARC
000 -LIDER
fixed length control field 00812nam a22002537a 4500
003 - IDENTIFICACDOR DE NÚMERO DE CONTROL
control field DO-SdBNP
005 - DATE AND TIME OF LATEST TRANSACTION
control field 20180213150748.0
008 - ELEMENTOS DE LONGITUD FIJA
fixed length control field 171030b 2015 dr| 00| 0 spa d
020 ## - ISBN
International Standard Book Number 9789945588361
040 ## - FUENTE DE CATALOGACIÓN
Agencia que crea de manera original el registro BPMSU
Idioma de catalogación spa
Agencia que realiza la transcripción BPMSU
082 #4 - NÚMERO DE CLASIFICACIÓN DECIMAL DE DEWEY
Classification number xxxx
Item number xxxx
245 00 - MENCIÓN DE TITULO
Título Mendigando un amigo y otros cuentos premiados /
Mención de responsabilidad Jean Emil Rodríguez Gatón...[et.al.].
260 ## - PUBLICACIÓN, DISTRIBUCIÓN, ETC. (PIE DE IMPRENTA)
Lugar de publicación, distribución, etc Santo Domingo :
Nombre del editor, distribuidor, etc. Ferilibro,
Fecha de publicación, distribución, etc 2015.
300 ## - DESCRIPCIÓN FÍSICA
Extensión 46 p. :
Dimensiones 23 cm.
585 ## - NOTA DE PREMIOS
Nota de premios Premio Joven de Cuento Feria del Libro 2014.
700 1# - ASIENTO SECUNDARIO -- NOMBRE PERSONAL
Nombre personal Liriano, Lady Laura
700 1# - ASIENTO SECUNDARIO -- NOMBRE PERSONAL
Nombre personal Santana Castro, Moisés
700 1# - ASIENTO SECUNDARIO -- NOMBRE PERSONAL
Nombre personal Santos Sánchez, Mildred del Pilar De Los
700 1# - ASIENTO SECUNDARIO -- NOMBRE PERSONAL
Nombre personal Ramos, Bladimir
700 1# - ASIENTO SECUNDARIO -- NOMBRE PERSONAL
Nombre personal Caba Rosario, Víctor Manuel
942 ## - ADDED ENTRY ELEMENTS (KOHA)
Source of classification or shelving scheme Dewey Decimal Classification
Koha item type Libros
945 ## - INFORMACIÓN DE PROCESAMIENTO LOCAL
Información de procesamiento local Inventariado, 2018 / BT
956 ## - LOCAL ELECTRONIC LOCATION AND ACCESS (OCLC)
Nombre de host BTAVAREZ
Número de acceso 10
Trayectoria 20171120
Nombre Electrónico BPMSU
Procesador de solicitud 0038
Existencias
Withdrawn status Lost status Source of classification or shelving scheme Damaged status Not for loan Collection code Home library Current library Date acquired Source of acquisition Total Checkouts Full call number Barcode Date last seen Price effective from Koha item type Copy number
    Dewey Decimal Classification     Colección Dominicana Biblioteca Pública Metropolitana Salomé Ureña Biblioteca Pública Metropolitana Salomé Ureña 04/13/2016 Editora Nacional   xxxx xxxx BPMSU16040378 04/13/2016 04/13/2016 Libros  
    Dewey Decimal Classification     Colección Dominicana Biblioteca Pública Metropolitana Salomé Ureña Biblioteca Pública Metropolitana Salomé Ureña 04/13/2016 Editora Nacional   xxxx xxxx BPMSU16040408 04/13/2016   Libros e. 2